Analysis of responses to reforming the home buying and selling process in England and Wales (Record no. 103456)

MARC details
000 -LEADER
fixed length control field 01257cam a2200229 4500
001 - CONTROL NUMBER
control field J125728
008 - FIXED-LENGTH DATA ELEMENTS--GENERAL INFORMATION
fixed length control field 111205n2004 000 0 eng u
035 ## - SYSTEM CONTROL NUMBER
System control number (Sirsi) u125728
041 ## - LANGUAGE CODE
Language code of text/sound track or separate title eng
050 ## - LIBRARY OF CONGRESS CALL NUMBER
Classification number 333.332
-- 18
110 ## - MAIN ENTRY--CORPORATE NAME
Corporate name or jurisdiction name as entry element United Kingdom
Subordinate unit Office of the Deputy Prime Minister
245 ## - TITLE STATEMENT
Title Analysis of responses to reforming the home buying and selling process in England and Wales
Remainder of title contents of the home information pack - a consultation paper
260 ## - PUBLICATION, DISTRIBUTION, ETC.
Place of publication, distribution, etc. London
Name of publisher, distributor, etc. ODPM
Date of publication, distribution, etc. 2004
520 ## - SUMMARY, ETC.
Summary, etc. This report examines the 255 responses to the consultation paper "Reforming the home buying and selling process in England and Wales: contents of the home information pack" (J122755), which invited views on the documents and information to be included in the proposed home information packs. Two thirds of the 102 respondents who expressed an opinion agreed with the overall idea of the pack. View at www.dclg.gov.uk
650 ## - SUBJECT ADDED ENTRY--TOPICAL TERM
Topical term or geographic name entry element HOUSING BILL 2003
650 ## - SUBJECT ADDED ENTRY--TOPICAL TERM
Topical term or geographic name entry element HOME CONDITION REPORTS
650 ## - SUBJECT ADDED ENTRY--TOPICAL TERM
Topical term or geographic name entry element HOME INFORMATION PACKS
690 ## - LOCAL SUBJECT ADDED ENTRY--TOPICAL TERM (OCLC, RLIN)
Topical term or geographic name as entry element PROPERTY AND LAND LAW-AGENCY-RESIDENTIAL
710 ## - ADDED ENTRY--CORPORATE NAME
Corporate name or jurisdiction name as entry element SPARK Research
9 (RLIN) 4386
856 ## - ELECTRONIC LOCATION AND ACCESS
Uniform Resource Identifier <a href="https://www.communities.gov.uk/documents/housing/pdf/156402.pdf">https://www.communities.gov.uk/documents/housing/pdf/156402.pdf</a>
Public note View the report on the DCLG website
942 ## - ADDED ENTRY ELEMENTS (KOHA)
Suppress in OPAC 0
Holdings
Withdrawn status Lost status Source of classification or shelving scheme Damaged status Not for loan Home library Current library Shelving location Date acquired Total Checkouts Full call number Barcode Date last seen Copy number Price effective from Koha item type
    Dewey Decimal Classification     Virtual Virtual Online 02/04/2004   ONLINE PUBLICATION 125728-2001 06/08/2019 1 06/08/2019 Book